Estatísticas para Países com Maior Taxa de Obesidade

Clique aqui para jogar o quiz

Estatísticas Gerais

  • Esse quiz foi jogado 2 529 vezes
    (1 932 desde o último reset)
  • A pontuação média é 6 de 20

Estatísticas das Respostas

%País% Correto
36.2Estados Unidos
99%
30.8Nova Zelândia
33%
35.4Arábia Saudita
31%
32.1Turquia
29%
32.0Egito
28%
51.6Tuvalu
28%
47.3Samoa
27%
55.3Palau
26%
61.0Nauru
26%
46.0Kiribati
25%
35.1Catar
25%
48.2Tonga
25%
31.7Emirados Árabes
Unidos
25%
45.8Estados Federados da
Micronésia
24%
52.9Ilhas Marshall
24%
37.9Kuwait
18%
32.0Líbano
18%
32.5Líbia
17%
35.5Jordânia
16%
31.6Bahamas
10%

Distribuição das Pontuações

Percentil de Números Respondidos

Porcentagem de Pessoas com Cada Pontuação

Sua Pontuação Histórica

Você não jogou esse quiz desde o último reset